| 000 | 00443 a2200157 4500 | ||
|---|---|---|---|
| 999 |
_c320982 _d320982 |
||
| 001 | 85909 | ||
| 003 | NUST | ||
| 005 | 20180121180018.0 | ||
| 008 | 180121b xxu||||| |||| 00| 0 eng d | ||
| 020 | _a078790225X | ||
| 082 | _a174.2 FRI | ||
| 100 |
_aEmily Friedman _99385 |
||
| 245 |
_aThe right thing : ten years of ethics columns from the Healthcare forum journal _hEnglish |
||
| 250 | _a1st | ||
| 260 |
_aSan Francisco _bJossey-Bass _c1996 |
||
| 300 | _axxi, 394 p. | ||
| 500 | _aGifted By AM Masood Akhtar | ||
| 942 |
_acaenust _cBK _k174.2 FRI _2ddc |
||